Mostra de joves artistes becats 2016 Fundació Güell : 5 octubre 2017 - 14 gener 2018 5 octubre 2017 - 14 gener 2018
Descripción Física:
1 fulletó desplegable : il·lustracions ; 21 cm
Materias:
Palau Güell (Barcelona) -- Activitats culturals
; Artistes -- Beques -- Barcelona (Catalunya : Província)
Idioma:
Catalán
MARC
| LEADER | 00000nam a2200000 a 4500 | ||
|---|---|---|---|
| 001 | 25615 | ||
| 008 | 220524b spa||||| |||| 00| 0 cat d | ||
| 017 | |a DL B 23891-2017 | ||
| 080 | |a FU-69-62 | ||
| 110 | 2 | |9 17034 |a Palau Güell (Barcelona) | |
| 245 | 0 | 0 | |a Mostra de joves artistes becats 2016 Fundació Güell : |b 5 octubre 2017 - 14 gener 2018 |
| 260 | |a Barcelona : |b Palau Güell, |c 2017 | ||
| 300 | |a 1 fulletó desplegable : |b il·lustracions ; |c 21 cm | ||
| 610 | 2 | 0 | |a Palau Güell (Barcelona) |9 52964 |x Activitats culturals |
| 650 | 0 | |a Artistes |x Beques |z Barcelona (Catalunya : Província) |9 53071 | |
| 942 | |2 udc |c ARXIU |n 1 | ||
| 952 | |0 0 |1 0 |4 0 |6 FU6962 |7 1 |9 61999 |a Arxiu |b Arxiu |d 2022-05-24 |l 0 |o FU-69-62 |p 25615 |r 2022-05-24 00:00:00 |w 2022-05-24 |y ARXIU | ||
| 999 | |c 81718 |d 81718 | ||